| 000 | 00357 a2200109 4500 | ||
|---|---|---|---|
| 001 | ART_43827 | ||
| 005 | 20260410162006.0 | ||
| 008 | 260409a | ||
| 245 | 1 | 0 | _aLa responsabilidad de los titulares de establecimientos educativos |
| 100 | 1 | _aParellada, Carlos A. | |
| 773 | 0 |
_tTemas de derecho civil _g- Año 3, Nº 9 (sep. 2017) _wREV34778 |
|
| 999 |
_c31701 _d31701 |
||